|
|
|
|
| LEADER |
01602nab#a2200433#ar4500 |
| 001 |
000072273 |
| 003 |
SVKKK |
| 005 |
20110921104849.0 |
| 008 |
080512d1914 xo |||||||||||||||b|hun |
| FMT |
|
|
|
| 038 |
|
|
|a SVKKK
|
| 040 |
|
|
|a SVKKK
|b slo
|e AACR2
|
| 041 |
0 |
|
|a hun
|
| 044 |
|
|
|a xo
|c SK
|
| 080 |
|
|
|a 07
|2 1981
|
| 080 |
|
|
|a 392
|2 1981
|
| 080 |
|
|
|a 69
|2 1981
|
| 080 |
|
|
|a 929 Jakobovits, Leopold
|2 1981
|
| 080 |
|
|
|a 929 Reichard, Elena
|2 1981
|
| 242 |
1 |
0 |
|a Sobáš
|y slo
|
| 245 |
1 |
0 |
|a Esküvő
|
| 500 |
|
|
|a Popis z mikrofilmu
|
| 500 |
|
|
|a Dohľadanie
|
| 520 |
2 |
|
|a Správa o sobáši diplomovaného inžiniera Leopolda (Lipót) Jakobovitsa z Humenného s Elenou (Ilonkou) Reichard v Sátoraljaújhely dňa 28.01.1914. Ženích o.i. pôsobí aj ako interný spolupracovník týždenníka Homonna és Vidéke
|
| 600 |
1 |
4 |
|a Jakobovits, Leopold
|d 1883-1972
|x diplomovaný inžinier-geodet, spolupracovník novín HnésV
|z Humenné (Slovensko)
|x rodák, pôsobenie
|
| 600 |
1 |
4 |
|a Reichard, Elena
|d 1888-1972
|x nevesta
|z Sátoraljaújhely (Slovensko/Maďarsko)
|x rodáčka
|z Humenné (Slovensko)
|x pôsobenie
|
| 650 |
0 |
4 |
|a sobáš
|z Sátoraljaújhely (Slovensko/Maďarsko)
|y 28.01.1914
|
| 655 |
|
4 |
|a hungariká
|
| 773 |
0 |
|
|t Homonna és Vidéke : Hetilap
|g Roč. 14, č. 4 (23.01.1914) s. 2
|
| 957 |
|
|
|a Humenné
|
| 957 |
|
|
|a Sátoraljaujhely
|
| 958 |
|
|
|a DG
|
| 958 |
|
|
|a HU
|
| 974 |
|
|
|a Ba
|
| 992 |
|
|
|a RBX
|
| 997 |
|
|
|a Jakobovits, Lipót p. Jakobovits, Leopold
|d Homonna p. Humenné
|
| 997 |
|
|
|a Reichard, Elena p. Jakobovits, Lipótné
|d Sátoraljaújhely
|
| BAS |
|
|
|
| 998 |
|
|
|a RETRO
|